000 00487nam a2200181Ia 4500
005 20250317123441.0
008 008 250317s9999 xx 000 0 eng d
037 _aTextbook
040 _aFMSL
_beng
_cFMSL
041 _aeng
_2eng
084 _aB L2
_qFMSL
100 _aKeedy M L
_9735404
245 0 _aEssental mathematics: modern approach
260 _aNY
_bNY, Addison Wesley
_c1972
300 _a637p
942 _cTB
_hB L2
999 _c1251304
_d1251304